000 00812nam a22001817a 4500
001 10024
003 FISKH
005 20260401112804.0
008 260330b cb ||||| |||| 00| 0 eng d
020 _a9787536574366
040 _aFISKH
_bchi
_cFISKH
_dFISKH
100 _a北猫
245 _a米小圈脑筋急转弯 /
_c北猫
300 _a134 pages :
_bcolor illustrations ;
_c17 cm .
520 _a《米小圈脑筋急转弯‑脑力挑战赛》是一本面向儿童的益智脑筋急转弯书籍,以调皮可爱的主角米小圈为主线。全书设置了三关挑战,通过一个故事串联每关谜题。章节设计既幽默又富有趣味性,能够吸引孩子开动脑筋、培养逻辑思维和创造力,同时在阅读中获得愉快体验。
942 _2ddc
_cBOOK
_n0
999 _c10024
_d10024